1886 1668 1319 1320 1989 1666 1315 1706 1761 1959 1712 1541 1899 1972 1491 1818 1869 1290 1556 1424 1967 1974 1294 1468 1673 1150 1725 1403 1341 1406 1435 1210 1709 1491 1110 1808 1004 1358 1461 1353 1253 1518 1193 1601 1296 1367 1230 1034 1077 1203 1440 1264 1793 1742 1448 1387 1598 1678 1826 1326 1285 1854 1271 1454 1413 1536 1668 1296 1422 1714 1132 1570 1006 1521 1526 1955 1541 1326 1696 1160 1437 1961 1496 1565 1294 1787 1379 1156 1604 1217 1524 1942 1980 1877 1048 1783 1732 1590 2000 BCNSPRNW ULIB Ver.6.0+V

เปลี่ยนเป็นภาษาไทย

Change to English
 แสดงรายละเอียดบรรณานุกรม
  กลับหน้าหลัก

Brief Record : Get Marc (ISO 2709) : E-mail record : QR code < ปิดหน้าต่าง
LEADER : 00000nam 2200000uu 4500
001    13399112216
003     ULIB
008    110420s2542||||th 000 0 tha d
020    97479803
060 04 WG220^bส961ก 2542
100 0  สันต์ ใจยอดศิลป์
245 10 การดูแลผู้ป่วยวิกฤติโรคหัวใจ /^cสันต์ ใจยอดศิลป์
250    พิมพ์ครั้งที่ 1
260    กรุงเทพฯ :^bพิมพ์สวย,^c2542
300    282 หน้า :^bภาพประกอบ
650  7 หัวใจ, โรค
945    ^p0^l0^i015602
945    ^p0^l0^i015603
995    ทศพร
999 ^a ใช้งานได้ทุกระบบ
รายการนี้ยังไม่มีแท็ก
คุณยังไม่ได้ล็อกอิน คุณสามารถมีกิจกรรมร่วมกับเว็บไซต์ได้ แต่ต้องล็อกอินก่อน ::
  ล็อกอิน

รายการสื่อสารสนเทศ

ลำดับที่ ประเภท เลขเรียก/บาร์โค้ด สถานที่ สถานะ
- ไม่พบข้อมูล -

รายการใกล้เคียง
    ผู้แต่ง [สันต์ ใจยอดศิลป์]

    หัวเรื่อง [หัวใจ, โรค]

BibComment


ยังไม่เคยถูกคอมเมนท์

คอมเมนท์ทรัพยากรรายการนี้
  คอมเมนท์: การดูแลผู้ป่วยวิก..


 Copyright 2026. Bcnsprnw @Library